000 02022nam a2200565 i 4500
001 32196
003 KOSZ 005
005 20230524084225.0
008 230524s1994 pl a f 000 0 pol
015 _aUWD 1994/10803
035 _a991000724659705066
035 _a(PL-WaBN)b10233143-48omnis_nlop
035 _ab10233143
035 _a(OCoLC)834031540
035 _a(PL)b0000001023314
035 _a(EXLNZ-48OMNIS_NETWORK)9910434964605606
040 _aWA N
_cWA N
_dKOSZ 005/RW
046 _k1984
080 _a535
080 _a681.7
080 _a612.84
080 _a(075.8)
100 1 _aTatarczyk, Jerzy
_d(1933-2006)
_eAutor
245 1 0 _aElementy optyki instrumentalnej i fizjologicznej /
_cJerzy Tatarczyk ; [recenzent prof. dr hab. inż. Andrzej Makowski].
250 _aWydanie 2.
260 _aKraków :
_bWydawnictwa AGH,
_c1994.
300 _a175, [1] stron :
_brysunki, wykresy;
_c24 cm.
336 _aTekst
_btxt
_2rdacontent
337 _aBez urządzenia pośredniczącego
_bn
_2rdamedia
338 _aWolumin
_bnc
_2rdacarrier
380 _aKsiążki
380 _aPublikacje dydaktyczne
385 _mPoziom nauczania
_aSzkoły wyższe
388 1 _a1901-2000
388 1 _a1989-2000
490 1 _aSkrypty Uczelniane / Akademia Górniczo-Hutnicza im. S. Staszica w Krakowie,
_x0239-6114 ;
_v1360
504 _aBibliografia na stronach 173-175.
650 7 _aOptyka
_2DBN
650 7 _aOptyka fizjologiczna
_2DBN
650 7 _aUrządzenia optyczne
_2DBN
655 7 _aPodręczniki akademickie
_2DBN
658 _aBiologia
658 _aFizyka i astronomia
700 1 _aMakowski, Andrzej
_d(1931-2013)
_eRecenzja
710 2 _aWydawnictwa AGH
_4pbl
830 0 _aSkrypty Uczelniane - Akademia Górniczo-Hutnicza im. Stanisława Staszica
_vnr 1360
856 _uhttp://koha.tu.koszalin.pl/cgi-bin/koha/opac-detail.pl?biblionumber=32196
_yKatalog online BPK
942 _2UKD
_cKS
999 _c32196
_d32196